| 000 | 00827cam a2200301 a 4500 | ||
|---|---|---|---|
| 001 | 3842551 | ||
| 003 | TR-AnTOB | ||
| 005 | 20260220114446.0 | ||
| 008 | 880208s1988 nyu 000 1 eng | ||
| 010 | _a 87045630 | ||
| 020 | _a9780002234085 | ||
| 020 | _a0002234084 | ||
| 040 |
_aDLC _cDLC _d0002234085 _beng _erda |
||
| 041 | _aeng | ||
| 050 | 0 | 0 |
_aPS3559.S15 _bS4 1988 |
| 090 |
_aPS3559.S15 _bS4 1988 |
||
| 100 | 1 |
_aIsaacs, Susan, _d1943- _eauthor _9152654 |
|
| 245 | 1 | 0 |
_aShining through / _cSusan Isaacs. |
| 250 | _aFirst edition. | ||
| 264 | 1 |
_aLondon : _bCollins, _c1988. |
|
| 300 |
_a402 pages : _c25 cm |
||
| 336 |
_atext _btxt _2rdacontent |
||
| 337 |
_aunmediated _bn _2rdamedia |
||
| 338 |
_avolume _bnc _2rdacarrier |
||
| 650 | 0 |
_aAmerican fiction _973466 |
|
| 942 |
_2lcc _cBK |
||
| 999 |
_c200427707 _d45631 |
||